[Event "III Open A Primavera"]
[Site "Como ITA"]
[Date "2007.05.18"]
[Round "6"]
[White "Giaracuni, Claudio"]
[Black "Petetta, Roberto"]
[Result "1-0"]
[WhiteElo "1759"]
[BlackElo "1778"]
[PlyCount "123"]
[EventDate "2007.04.13"]

1. d4 d5 2. Nc3 c6 3. Bf4 Bf5 4. f3 Nf6 5. Bg5 Nbd7 6. e3 Qc7 7. Bd3 Bxd3 8.
cxd3 e6 9. Nge2 Be7 10. O-O O-O 11. e4 dxe4 12. dxe4 Nb6 13. Rc1 Qd7 14. Na4
Nxa4 15. Qxa4 Rfd8 16. Rfd1 Qe8 17. b4 a6 18. Nc3 Rd7 19. Qb3 Rad8 20. e5 Nd5
21. Bxe7 Nxe7 22. Ne2 Nf5 23. Qc3 Rd5 24. g4 Ne7 25. Nf4 R5d7 26. h4 Nd5 27.
Nxd5 Rxd5 28. Rd3 Qe7 29. h5 Qg5 30. Rcd1 f5 31. exf6 gxf6 32. Kf2 f5 33. gxf5
Qxf5 34. Qd2 Qxh5 35. Rg1+ Kf7 36. Qf4+ Qf5 37. Qh6 Rg8 38. Rxg8 Kxg8 39. Rd1
Qc2+ 40. Rd2 Qg6 41. Qh2 Kg7 42. Qc7+ Qf7 43. Qg3+ Kf6 44. Qh4+ Kg7 45. Qg3+
Qg6 46. Qc7+ Qf7 47. Qg3+ Kh6 48. Rd1 Rh5 49. Rg1 Qf6 50. Ke3 Qg5+ 51. f4 Qxg3+
52. Rxg3 Rf5 53. Ke4 b6 54. Rg8 c5 55. bxc5 bxc5 56. Re8 Rf6 57. dxc5 Kg6 58.
c6 e5 59. c7 Rxf4+ 60. Kxe5 Rf5+ 61. Kd6 h5 62. c8=Q 1-0

[Event "III Open A Primavera"]
[Site "Como ITA"]
[Date "2007.05.18"]
[Round "6"]
[White "Lancianese, Giuseppe"]
[Black "Raineri, Pieroberto"]
[Result "1/2-1/2"]
[WhiteElo "1640"]
[BlackElo "1565"]
[PlyCount "74"]
[EventDate "2007.04.13"]

1. d4 Nf6 2. Bf4 g6 3. e3 Bg7 4. Nf3 d6 5. Be2 O-O 6. h3 c5 7. c3 Qb6 8. Qc1
Bf5 9. Nbd2 Nbd7 10. O-O Rfc8 11. Re1 Be4 12. Nxe4 Nxe4 13. Bf1 a5 14. Rb1 Qd8
15. Qd1 c4 16. Nd2 Nxd2 17. Qxd2 b5 18. g4 Nf6 19. Bg2 d5 20. e4 e6 21. Bg5 Qd7
22. exd5 Nxd5 23. Re2 Rab8 24. Bf4 Nxf4 25. Qxf4 b4 26. Qe4 bxc3 27. bxc3 a4
28. Reb2 Rxb2 29. Rxb2 a3 30. Rb6 Qa4 31. Qf3 Rf8 32. Qe2 Rd8 33. Rb4 Qa6 34.
Qxc4 Qxc4 35. Rxc4 Rb8 36. Rb4 Rxb4 37. cxb4 Bxd4 1/2-1/2

[Event "III Open A Primavera"]
[Site "Como ITA"]
[Date "2007.05.18"]
[Round "6"]
[White "Lipari, Alberto"]
[Black "Corti, Filippo"]
[Result "0-1"]
[WhiteElo "1464"]
[BlackElo "1649"]
[PlyCount "94"]
[EventDate "2007.04.13"]

1. d4 Nf6 2. c4 g6 3. Nc3 Bg7 4. e4 d6 5. Nf3 O-O 6. Bf4 Nh5 7. Be3 e5 8. d5 f5
9. Bg5 Nf6 10. Be2 h6 11. Bxf6 Qxf6 12. g3 a5 13. a4 Na6 14. Qd2 Nc5 15. Qc2
fxe4 16. Nxe4 Nxe4 17. Qxe4 Bf5 18. Qe3 e4 19. Nd2 Qd4 20. Qxd4 Bxd4 21. g4 Bd7
22. Nxe4 Rae8 23. f3 Bxg4 24. O-O-O Be3+ 25. Nd2 Bxf3 26. Bxf3 Rxf3 27. Kb1
Bxd2 28. Rxd2 Re4 29. Rc2 b6 30. Ka2 Rff4 31. b3 Re3 32. Rg2 Kf7 33. Rhg1 g5
34. Rh1 Rff3 35. Rb2 h5 36. Rg1 g4 37. Rgg2 Kf6 38. Rgd2 Ke5 39. Rg2 Kf4 40.
Rgd2 Re4 41. Rb1 h4 42. Rg1 g3 43. hxg3+ hxg3 44. Ka3 Rf2 45. Rdd1 Ree2 46. Ra1
g2 47. b4 Re3# 0-1

[Event "III Open A Primavera"]
[Site "Como ITA"]
[Date "2007.05.18"]
[Round "6"]
[White "Liscio, Giovanni"]
[Black "Bellotto, Stefano"]
[Result "1-0"]
[WhiteElo "2000"]
[BlackElo "1988"]
[PlyCount "83"]
[EventDate "2007.04.13"]

1. d4 d6 2. c4 Nf6 3. Nc3 c6 4. e4 e5 5. Nf3 Nbd7 6. Be2 Be7 7. O-O O-O 8. b3
Re8 9. Qc2 Qc7 10. Bb2 Bf8 11. a3 g6 12. b4 Bg7 13. Rfd1 a6 14. dxe5 dxe5 15.
c5 Nf8 16. Na4 Nh5 17. Nb6 Rb8 18. Nc4 Nf4 19. Nd6 Nxe2+ 20. Qxe2 Re7 21. h3 f6
22. Bc1 Be6 23. Qc2 Kh8 24. Be3 g5 25. Rd2 Ng6 26. Rad1 g4 27. hxg4 Bxg4 28.
Rd3 Bf8 29. Nf5 Bxf5 30. exf5 e4 31. fxg6 exd3 32. Qxd3 h6 33. Qd4 Bg7 34. Bf4
Re5 35. Bxe5 fxe5 36. Qd7 Qxd7 37. Rxd7 Kg8 38. Re7 b6 39. Nxe5 bxc5 40. Nxc6
Rc8 41. Re6 c4 42. Ne7+ 1-0

[Event "III Open A Primavera"]
[Site "Como ITA"]
[Date "2007.05.18"]
[Round "6"]
[White "Luppi, Dario"]
[Black "Ciancio, Mario"]
[Result "1-0"]
[WhiteElo "1718"]
[BlackElo "1569"]
[PlyCount "71"]
[EventDate "2007.04.13"]

1. Nf3 Nf6 2. g3 Nc6 3. Bg2 e5 4. d3 d5 5. O-O Bf5 6. Nbd2 Qd7 7. a3 Bh3 8. b4
Bxg2 9. Kxg2 a6 10. Bb2 Qe7 11. c4 dxc4 12. dxc4 Nd7 13. Qc2 g6 14. Ne4 Bg7 15.
b5 Nd8 16. a4 f5 17. Nc3 c6 18. Rfd1 Ne6 19. e4 Qf7 20. bxc6 bxc6 21. Ba3 Ndc5
22. Rd6 Rc8 23. Rad1 O-O 24. exf5 gxf5 25. Qd2 f4 26. Bxc5 Nxc5 27. Ng5 f3+ 28.
Kg1 Qe7 29. Qe3 Rf6 30. Rxf6 Bxf6 31. Nxf3 Rb8 32. Ne4 Nxe4 33. Qxe4 Qe6 34. c5
Rc8 35. Rd6 Qf7 36. Qg4+ 1-0

[Event "III Open A Primavera"]
[Site "Como ITA"]
[Date "2007.05.18"]
[Round "6"]
[White "Ostini, Michele"]
[Black "Puppi, Simone"]
[Result "1-0"]
[WhiteElo "1482"]
[BlackElo "1440"]
[PlyCount "49"]
[EventDate "2007.04.13"]

1. d4 d5 2. c4 Nf6 3. Nc3 c6 4. Nf3 g6 5. e3 Bg7 6. Bd3 O-O 7. O-O b6 8. Re1
Re8 9. Qc2 e6 10. a3 Ba6 11. b3 c5 12. Bb2 cxd4 13. exd4 Bb7 14. Rac1 dxc4 15.
bxc4 Bxf3 16. gxf3 Qxd4 17. Nd5 Qc5 18. Nxf6+ Bxf6 19. Bxf6 Qxa3 20. Be4 Nd7
21. Bb2 Qc5 22. Bxa8 Rxa8 23. Qc3 Qg5+ 24. Kh1 Qh6 25. Qh8# 1-0

[Event "III Open A Primavera"]
[Site "Como ITA"]
[Date "2007.05.18"]
[Round "6"]
[White "Rizzi, Pierantonio"]
[Black "Lotti, Riccardo"]
[Result "0-1"]
[WhiteElo "1410"]
[BlackElo "1389"]
[PlyCount "116"]
[EventDate "2007.04.13"]

1. d4 Nf6 2. c4 e6 3. Nc3 Bb4 4. a3 Bxc3+ 5. bxc3 d5 6. c5 Bd7 7. e3 b6 8. cxb6
axb6 9. Nf3 Ba4 10. Qd2 Ne4 11. Qb2 Nc6 12. Bd3 Qd7 13. Ne5 Nxe5 14. dxe5 Nc5
15. Be2 O-O 16. O-O Qe7 17. c4 Bb3 18. cxd5 Bxd5 19. Bf3 Bxf3 20. gxf3 Qg5+ 21.
Kh1 Nd3 22. Qe2 Qg6 23. Rg1 Qh5 24. Qxd3 Qxf3+ 25. Rg2 Rad8 26. Qd4 Rxd4 27.
exd4 Qd1+ 28. Rg1 Qxd4 29. Be3 Qe4+ 30. Rg2 Qxe5 31. Rag1 g6 32. h4 Qe4 33. Bg5
f6 34. Bh6 Rd8 35. h5 Rd5 36. Rf1 Rxh5+ 37. Kg1 Rxh6 38. f3 Qe3+ 39. Rgf2 Rh5
40. Rd1 Rd5 41. Rdf1 Rg5+ 42. Kh1 Rg3 43. f4 f5 44. Rg2 Rh3+ 45. Rh2 Rxh2+ 46.
Kxh2 Qe2+ 47. Kg1 h5 48. Rf2 Qe3 49. Kg2 h4 50. Rf3 Qe2+ 51. Rf2 Qg4+ 52. Kf1
h3 53. Rd2 Qxf4+ 54. Ke1 h2 55. Rd8+ Kf7 56. Rh8 g5 57. Rh5 Kg6 58. Rh8 Qe4+
0-1

[Event "III Open A Primavera"]
[Site "Como ITA"]
[Date "2007.05.18"]
[Round "6"]
[White "Spinelli, Francesco"]
[Black "Grassetto, Gilberto"]
[Result "0-1"]
[WhiteElo "1601"]
[BlackElo "1933"]
[PlyCount "40"]
[EventDate "2007.04.13"]

1. e4 c5 2. Nf3 d6 3. Nc3 a6 4. Bc4 e6 5. a3 b5 6. Ba2 Bb7 7. d3 Nd7 8. O-O
Ngf6 9. Bf4 Qc7 10. Re1 Be7 11. e5 dxe5 12. Bxe5 Nxe5 13. Nxe5 Bd6 14. Nf3 O-O
15. h3 Rad8 16. Qe2 Rfe8 17. Ne5 b4 18. Nb1 Nd5 19. Bc4 Nf4 20. Qe3 Nxg2 0-1

[Event "III Open A Primavera"]
[Site "Como ITA"]
[Date "2007.05.25"]
[Round "7"]
[White "Bellotto, Stefano"]
[Black "Napoli, Ferdinando"]
[Result "1/2-1/2"]
[WhiteElo "1988"]
[BlackElo "1826"]
[PlyCount "28"]
[EventDate "2007.04.13"]

1. d4 Nf6 2. c4 g6 3. Nc3 Bg7 4. e4 d6 5. Bd3 O-O 6. Nge2 e5 7. d5 a5 8. Ng3
Na6 9. f3 c6 10. Be3 Nc5 11. Bc2 cxd5 12. cxd5 b6 13. O-O Ba6 14. Re1 h5
1/2-1/2

[Event "III Open A Primavera"]
[Site "Como ITA"]
[Date "2007.05.25"]
[Round "7"]
[White "Corti, Filippo"]
[Black "Fusi, Claudio"]
[Result "0-1"]
[WhiteElo "1649"]
[BlackElo "1565"]
[PlyCount "98"]
[EventDate "2007.04.13"]

1. Nf3 Nf6 2. g3 g6 3. Bg2 Bg7 4. d4 d6 5. O-O O-O 6. c4 Nbd7 7. Nc3 e5 8. d5
Qe7 9. e4 Nc5 10. Qc2 b6 11. b4 Na6 12. Rb1 Nb8 13. a4 a5 14. bxa5 Rxa5 15. Bd2
Ra8 16. Nb5 c6 17. Nc3 Qa7 18. Rb2 cxd5 19. cxd5 Nbd7 20. Rfb1 Ng4 21. h3 Ngf6
22. Be3 Rb8 23. Nb5 Qa5 24. Nxd6 Ra8 25. Bxb6 Qxa4 26. Qxa4 Rxa4 27. Nxc8 Rxc8
28. Nd2 Bh6 29. f3 Nxb6 30. Rxb6 Bxd2 31. Rxf6 Bg5 32. Rfb6 Be3+ 33. Kh2 Bxb6
34. Rb5 Rd4 35. h4 Rd2 36. Kh3 h5 37. g4 hxg4+ 38. fxg4 Rc3+ 39. Kh2 Rcc2 40.
d6 Rxg2+ 41. Kh3 Rgd2 42. Rb3 Rxd6 43. h5 g5 44. h6 Rxh6+ 45. Kg3 Rc1 46. Rf3
f6 47. Rf5 Kg7 48. Rf2 Rc3+ 49. Kg2 Rh4 0-1

[Event "III Open A Primavera"]
[Site "Como ITA"]
[Date "2007.05.25"]
[Round "7"]
[White "Ghelfi, Giancarlo"]
[Black "Ostini, Michele"]
[Result "0-1"]
[WhiteElo "1553"]
[BlackElo "1482"]
[PlyCount "46"]
[EventDate "2007.04.13"]

1. e4 c6 2. d4 d5 3. Nc3 dxe4 4. Nxe4 Nd7 5. Ng5 Ngf6 6. Bd3 e6 7. Qe2 Be7 8.
N1f3 O-O 9. Nxf7 Rxf7 10. Ng5 Nb6 11. Nxf7 Kxf7 12. c3 c5 13. Be3 Nbd5 14. dxc5
Qc7 15. O-O Nxe3 16. Qxe3 Qxc5 17. Kh1 Kg8 18. Rad1 Bd7 19. Qf3 Bc6 20. Qh3 Kf7
21. Bxh7 Qg5 22. Rd4 Rh8 23. Bg6+ Qxg6 0-1

[Event "III Open A Primavera"]
[Site "Como ITA"]
[Date "2007.05.25"]
[Round "7"]
[White "Giaracuni, Claudio"]
[Black "Luppi, Dario"]
[Result "1/2-1/2"]
[WhiteElo "1759"]
[BlackElo "1718"]
[PlyCount "48"]
[EventDate "2007.04.13"]

1. d4 d5 2. Nc3 e6 3. Bf4 Nf6 4. e3 a6 5. Nf3 c5 6. dxc5 Bxc5 7. Bd3 Nc6 8. a3
b5 9. b4 Bd6 10. Bxd6 Qxd6 11. Nd4 O-O 12. Nb3 Qe5 13. Qd2 d4 14. Nd1 Rd8 15.
O-O Ng4 16. g3 Qh5 17. h4 Bb7 18. f3 Nge5 19. Be2 Qg6 20. Kh2 dxe3 21. Qxe3 Nc4
22. Bxc4 bxc4 23. Nc5 Bc8 24. Qe4 Qxe4 1/2-1/2

[Event "III Open A Primavera"]
[Site "Como ITA"]
[Date "2007.05.25"]
[Round "7"]
[White "Grassetto, Gilberto"]
[Black "Ciancio, Mario"]
[Result "1/2-1/2"]
[WhiteElo "1933"]
[BlackElo "1569"]
[PlyCount "113"]
[EventDate "2007.04.13"]

1. d4 d5 2. Nf3 Nf6 3. e3 e6 4. Nbd2 Nbd7 5. c4 c6 6. a3 dxc4 7. Bxc4 Be7 8.
O-O O-O 9. b3 Nb6 10. Be2 Qc7 11. Bb2 Nbd5 12. Rc1 Bd7 13. Bd3 Be8 14. Bb1 Nd7
15. Qc2 g6 16. h4 f5 17. e4 N5f6 18. Ng5 Ng4 19. e5 Bf7 20. Nxf7 Kxf7 21. Nf3
h6 22. b4 a6 23. Ba2 Nb6 24. Qc3 Qd7 25. g3 Rac8 26. Nd2 h5 27. f3 Nh6 28. Qe3
Ng8 29. g4 Kg7 30. g5 Nd5 31. Bxd5 cxd5 32. Nb3 b6 33. f4 Rxc1 34. Rxc1 Rc8 35.
Qd3 Qb7 36. Kf2 Kf7 37. Ke2 Ke8 38. b5 a5 39. a4 Kd7 40. Rc2 Bb4 41. Bc3 Qc7
42. Kd2 Bxc3+ 43. Rxc3 Qxc3+ 44. Qxc3 Rxc3 45. Kxc3 Ne7 46. Nc5+ bxc5 47. dxc5
Kc7 48. Kd4 Nc8 49. Kc3 Na7 50. b6+ Kb7 51. bxa7 Kxa7 52. Kd4 Kb7 53. Kc3 Kc7
54. Kd3 Kb7 55. Kc3 Kc7 56. Kd3 Kb7 57. Kc3 1/2-1/2

[Event "III Open A Primavera"]
[Site "Como ITA"]
[Date "2007.05.25"]
[Round "7"]
[White "Lancianese, Giuseppe"]
[Black "Spinelli, Francesco"]
[Result "1/2-1/2"]
[WhiteElo "1640"]
[BlackElo "1601"]
[PlyCount "65"]
[EventDate "2007.04.13"]

1. d4 d5 2. Bf4 Nf6 3. Nf3 Nc6 4. e3 Bg4 5. c3 e6 6. Bd3 Bd6 7. Bg3 Ne4 8. Nbd2
Nxd2 9. Qxd2 Bxf3 10. gxf3 h5 11. O-O-O h4 12. Bxd6 Qxd6 13. e4 O-O-O 14. e5
Qe7 15. Rhg1 f6 16. exf6 Qxf6 17. f4 Rdf8 18. Rde1 Qxf4 19. h3 Qxd2+ 20. Kxd2
Rxf2+ 21. Re2 Rxe2+ 22. Bxe2 e5 23. dxe5 Nxe5 24. Rxg7 Nc4+ 25. Kc1 Nd6 26.
Bg4+ Kb8 27. Kc2 Ne4 28. Rf7 a6 29. Kb3 Rh6 30. Rf8+ Ka7 31. Rf7 Kb6 32. Rf5
Kc5 33. Kc2 1/2-1/2

[Event "III Open A Primavera"]
[Site "Como ITA"]
[Date "2007.05.25"]
[Round "7"]
[White "Lotti, Riccardo"]
[Black "Raineri, Pieroberto"]
[Result "0-1"]
[WhiteElo "1389"]
[BlackElo "1565"]
[PlyCount "40"]
[EventDate "2007.04.13"]

1. d4 Nf6 2. c4 g6 3. Nc3 Bg7 4. e4 d6 5. Nf3 O-O 6. Be2 e5 7. d5 Nbd7 8. Be3
a5 9. a4 Ng4 10. Qd2 Nxe3 11. Qxe3 Nc5 12. Na2 f5 13. exf5 Bxf5 14. Nc3 Qd7 15.
Nh4 Nb3 16. Ra3 Nd4 17. Bd1 Bc2 18. Nf3 Bxd1 19. Kxd1 Qg4 20. Rg1 Rxf3 0-1

[Event "III Open A Primavera"]
[Site "Como ITA"]
[Date "2007.05.25"]
[Round "7"]
[White "Petetta, Roberto"]
[Black "Vaghi, Cornelio"]
[Result "0-1"]
[WhiteElo "1778"]
[BlackElo "1461"]
[PlyCount "64"]
[EventDate "2007.04.13"]

1. e4 c5 2. Nf3 Nc6 3. d4 cxd4 4. Nxd4 e5 5. Nb5 d6 6. N1c3 a6 7. Na3 Be7 8.
Nd5 f5 9. Nxe7 Ngxe7 10. Nc4 d5 11. exd5 Nxd5 12. Ne3 Be6 13. Be2 O-O 14. O-O
f4 15. Nc4 b5 16. Nd2 Bf5 17. c3 Kh8 18. Bf3 Nce7 19. Ne4 Qb6 20. Qb3 Qg6 21.
Re1 Rad8 22. c4 Nf6 23. Nxf6 gxf6 24. cxb5 Rg8 25. g3 Rd3 26. Qb4 Rxf3 27. Qxe7
fxg3 28. fxg3 Rxg3+ 29. Kf2 Rg2+ 30. Ke3 Qg5+ 31. Kf3 Qg4+ 32. Ke3 Qe4# 0-1

[Event "III Open A Primavera"]
[Site "Como ITA"]
[Date "2007.05.25"]
[Round "7"]
[White "Puppi, Simone"]
[Black "Lipari, Alberto"]
[Result "0-1"]
[WhiteElo "1440"]
[BlackElo "1464"]
[PlyCount "64"]
[EventDate "2007.04.13"]

1. e4 c5 2. Nf3 d6 3. Bb5+ Bd7 4. Nc3 Bxb5 5. Nxb5 a6 6. Nc3 g6 7. d4 cxd4 8.
Qxd4 f6 9. O-O Nc6 10. Qc4 Ne5 11. Nxe5 fxe5 12. Bg5 h6 13. Be3 Nf6 14. f4 Ng4
15. Bd2 Rc8 16. Qe6 Nf6 17. fxe5 Qb6+ 18. Kh1 Nd7 19. Qxg6+ Kd8 20. exd6 exd6
21. b3 Ne5 22. Qf6+ Kd7 23. Qxh8 Be7 24. Qxh6 Ng4 25. Qh3 Rg8 26. Nd5 Qd4 27.
Nxe7 Kxe7 28. Qh7+ Rg7 29. Qh5 Ke6 30. Bg5 Rxg5 31. Qxg5 Nf2+ 32. Rxf2 Qxa1+
0-1

[Event "III Open A Primavera"]
[Site "Como ITA"]
[Date "2007.05.25"]
[Round "7"]
[White "Rizzi, Pierantonio"]
[Black "Gonella, Graziano"]
[Result "1-0"]
[WhiteElo "1410"]
[BlackElo "1386"]
[PlyCount "81"]
[EventDate "2007.04.13"]

1. e4 Nf6 2. Nc3 e6 3. d4 d5 4. Bg5 Be7 5. e5 Ne4 6. Bxe7 Qxe7 7. Bb5+ c6 8.
Bd3 Ng5 9. h4 Ne4 10. Bxe4 dxe4 11. Nxe4 Nd7 12. Nf3 c5 13. Nd6+ Kf8 14. dxc5
Nxc5 15. Ng5 f6 16. exf6 gxf6 17. Nf3 b6 18. Qd2 Qd7 19. O-O-O Rg8 20. Qh6+ Qg7
21. Qf4 e5 22. Nxe5 Ne6 23. Qf3 Rb8 24. g3 Qh6+ 25. Kb1 Ke7 26. Nxc8+ Rbxc8 27.
Rd7+ Kf8 28. Qa3+ Nc5 29. Nd3 Rg7 30. Rxa7 Rgc7 31. Rxc7 Rxc7 32. Qa8+ Kf7 33.
Qd5+ Kg7 34. Re1 Rd7 35. Qc6 Nxd3 36. Qxd7+ Kg6 37. Qxd3+ Kg7 38. Re7+ Kg8 39.
Qc4+ Kh8 40. Qc8+ Qf8 41. Qxf8# 1-0

[Event "C.to Provinciale ME"]
[Site "Brolo ITA"]
[Date "2007.01.??"]
[Round "1"]
[White "Buzzanca, Francesco"]
[Black "Scattareggia, Domenico"]
[Result "0-1"]
[WhiteElo "1694"]
[BlackElo "2065"]
[PlyCount "68"]
[EventDate "2007.01.05"]

1. d4 d5 2. c4 e6 3. Nc3 Nf6 4. Bg5 Be7 5. Nf3 O-O 6. e3 c6 7. cxd5 exd5 8. Be2
Be6 9. O-O Nbd7 10. a4 h6 11. Bf4 Ne4 12. Nxe4 dxe4 13. Nd2 Nf6 14. Qc2 Bf5 15.
Bc4 Qd7 16. Rfc1 Rac8 17. Qb3 a6 18. a5 Nd5 19. Bg3 h5 20. h4 Nb4 21. Rc3 Bd6
22. Bxd6 Qxd6 23. Be2 Qe7 24. Rc5 Nd5 25. g3 g5 26. hxg5 Qxg5 27. Kg2 h4 28.
Rh1 h3+ 29. Kh2 Kg7 30. Qxb7 Qf6 31. Qxa6 Bg6 32. Rhc1 Qxf2+ 33. Kxh3 Rh8+ 34.
Kg4 Qf5# 0-1

[Event "C.to Provinciale ME"]
[Site "Brolo ITA"]
[Date "2007.01.??"]
[Round "1"]
[White "Ridolfo, Alessandro"]
[Black "Algeri, Lorenzo"]
[Result "0-1"]
[WhiteElo "1440"]
[BlackElo "1560"]
[PlyCount "72"]
[EventDate "2007.01.05"]

1. e4 e5 2. Nf3 Nc6 3. Bc4 Bc5 4. b4 Bxb4 5. c3 Be7 6. d4 d6 7. d5 Nb8 8. Qb3
Nf6 9. Nbd2 O-O 10. Rb1 Nbd7 11. Ba3 a6 12. Bd3 Rb8 13. Nf1 b5 14. Qc2 Bb7 15.
Ng3 c6 16. Nf5 Nb6 17. dxc6 Bxc6 18. Nxe5 Bb7 19. Qe2 Na4 20. Qf3 Nxc3 21. Qg3
g6 22. Nxe7+ Qxe7 23. Ng4 Nxg4 24. Bxd6 Qe6 25. O-O Nxb1 26. Rxb1 Rbe8 27. Re1
Ne5 28. Bxe5 Qxe5 29. f4 Qc5+ 30. Kf1 Rd8 31. f5 Qd4 32. Re3 Rfe8 33. fxg6 fxg6
34. h4 Bxe4 35. Rxe4 Rxe4 36. Bxe4 Qxe4 0-1

[Event "C.to Provinciale ME"]
[Site "Brolo ITA"]
[Date "2007.01.??"]
[Round "2"]
[White "Scattareggia, Domenico"]
[Black "Costa, Natalino"]
[Result "1-0"]
[WhiteElo "2065"]
[BlackElo "1715"]
[PlyCount "119"]
[EventDate "2007.01.05"]

1. e4 d6 2. d4 Nf6 3. Nc3 g6 4. Nf3 Bg7 5. Be2 O-O 6. h3 c6 7. Be3 Nbd7 8. Qd2
b5 9. Bd3 b4 10. Ne2 a5 11. O-O Ba6 12. c3 Qc8 13. Ng3 Bxd3 14. Qxd3 c5 15. Qd2
Qb7 16. d5 Nb6 17. Bh6 bxc3 18. bxc3 Nc4 19. Qg5 e6 20. Nh4 Bxh6 21. Qxh6 Kh8
22. Rab1 Qe7 23. Qf4 Ng8 24. Nf3 e5 25. Qc1 Rab8 26. Qd1 Rb7 27. Qa4 Nb2 28.
Qxa5 Rfb8 29. Qa6 Ra7 30. Qc6 Qd8 31. Nxe5 dxe5 32. Qxc5 Rxa2 33. Qe3 Rc8 34.
Qf3 Qf6 35. Qg4 Rxc3 36. Ne2 Rc2 37. Rfc1 Nd3 38. Rxc2 Rxc2 39. Rd1 h5 40. Qg3
Rxe2 41. Qxd3 Rb2 42. Qc3 Rb6 43. f4 exf4 44. e5 Qf5 45. e6+ f6 46. Qc7 Rb1 47.
Rxb1 Qxb1+ 48. Kh2 f3 49. Qg3 f2 50. Qxf2 Qe4 51. Qf3 Qe5+ 52. Kg1 Ne7 53. d6
Qxd6 54. Qxf6+ Kh7 55. Qf7+ Kh6 56. Qf8+ Kg5 57. Qf7 Qd4+ 58. Kh1 Qf6 59. g3
Nf5 60. h4+ 1-0

[Event "C.to Provinciale ME"]
[Site "Brolo ITA"]
[Date "2007.01.??"]
[Round "4"]
[White "Napoli Costa, Aurelio"]
[Black "Ridolfo, Alessandro"]
[Result "1/2-1/2"]
[WhiteElo "2068"]
[BlackElo "1440"]
[PlyCount "123"]
[EventDate "2007.01.05"]

1. e4 e5 2. Nf3 Nc6 3. Bb5 a6 4. Ba4 d6 5. d4 b5 6. Bb3 Nxd4 7. Nxd4 exd4 8.
Bd5 Rb8 9. Qxd4 Nf6 10. a4 Nxd5 11. exd5 f6 12. axb5 axb5 13. O-O Be7 14. Re1
O-O 15. Qe3 Re8 16. Bd2 Bf5 17. Qb3 Bg6 18. Na3 Qd7 19. Re3 Bf8 20. Rae1 Rxe3
21. Rxe3 Re8 22. Rxe8 Bxe8 23. Ba5 Be7 24. Qc3 c5 25. b4 c4 26. Qe3 Bf8 27. c3
Qe7 28. Nc2 Qxe3 29. fxe3 f5 30. Nd4 g6 31. Bc7 Kf7 32. Kf2 Kf6 33. Ne6 Be7 34.
Bb6 g5 35. Bd4+ Kg6 36. e4 fxe4 37. Ke3 Bd7 38. Kxe4 Kf7 39. Ng7 Bf6 40. Ne6
Be7 41. Nc7 Bd8 42. Na8 Kg6 43. Bb6 Bf6 44. Bd4 Bd8 45. Nb6 Bf5+ 46. Ke3 Bf6
47. h3 h5 48. Bxf6 Kxf6 49. Kd4 Ke7 50. Nxc4 bxc4 51. Kxc4 Kd7 52. Kd4 h4 53.
c4 g4 54. hxg4 Bxg4 55. Ke3 h3 56. gxh3 Bxh3 57. Kd4 Kc7 58. c5 Bf1 59. Kc3 Bb5
60. Kd2 Bc4 61. Ke3 Bxd5 62. Kd4 1/2-1/2

[Event "C.to Provinciale ME"]
[Site "Brolo ITA"]
[Date "2007.01.??"]
[Round "5"]
[White "Cappadona, Salvatore"]
[Black "Scattareggia, Domenico"]
[Result "1-0"]
[WhiteElo "2096"]
[BlackElo "2065"]
[PlyCount "107"]
[EventDate "2007.01.05"]

1. e4 c5 2. c4 Nc6 3. Nf3 d6 4. d4 cxd4 5. Nxd4 Nf6 6. Nc3 g6 7. Be2 Bg7 8. Be3
h5 9. Qd2 Ng4 10. Bxg4 hxg4 11. Nxc6 bxc6 12. Bd4 e5 13. Be3 Be6 14. Rd1 Bf8
15. b3 f5 16. Bg5 Qc7 17. h4 f4 18. g3 f3 19. Na4 Rb8 20. c5 d5 21. exd5 cxd5
22. O-O Be7 23. Rfe1 Rh5 24. Bxe7 Kxe7 25. Qd3 Kf7 26. Nc3 e4 27. Qd4 Rbh8 28.
Nb5 Qe7 29. Nd6+ Kg8 30. Nxe4 Rxh4 31. gxh4 Qxh4 32. Nf6+ Kf7 33. Nh7 Rxh7 34.
Qf4+ Kg7 35. Qe5+ Kf8 36. Qb8+ Kf7 37. Qf4+ Bf5 38. Qc7+ Kf8 39. Qd6+ Kf7 40.
Qxd5+ Kg7 41. Qe5+ Kh6 42. Qh2 Kg5 43. Qxh4+ Kxh4 44. Rd4 Kh3 45. Re3 Bc8 46.
Rd8 Bb7 47. Re7 Rh5 48. Rxb7 g3 49. Rf7 Rxc5 50. Rd1 Kg4 51. Rd4+ Kh3 52. Rh7+
Rh5 53. Rxh5+ gxh5 54. Rf4 1-0

[Event "II Weekend U16"]
[Site "Pescara ITA"]
[Date "2007.09.07"]
[Round "1"]
[White "Di Verniere, Federico"]
[Black "Iezzi, Christian"]
[Result "1-0"]
[WhiteElo "1332"]
[BlackElo "1416"]
[PlyCount "113"]
[EventDate "2007.09.07"]

1. e4 e5 2. Nf3 Nc6 3. Bc4 Bc5 4. d3 Nf6 5. Nc3 d6 6. Bg5 Be6 7. Bd5 h6 8. Be3
Bb6 9. Qd2 Bxd5 10. Nxd5 Nxd5 11. exd5 Nd4 12. Nxd4 exd4 13. Bf4 Qe7+ 14. Qe2
Ba5+ 15. Bd2 Bxd2+ 16. Kxd2 Qxe2+ 17. Kxe2 O-O 18. Rhe1 Rfe8+ 19. Kf1 Re5 20.
Rxe5 dxe5 21. Re1 f6 22. c4 Rd8 23. b4 b5 24. f3 bxc4 25. dxc4 Rd6 26. b5 a6
27. a4 Kf7 28. g3 Rd7 29. f4 axb5 30. axb5 exf4 31. gxf4 Re7 32. Rxe7+ Kxe7 33.
c5 Kd8 34. b6 cxb6 35. cxb6 Kc8 36. d6 g5 37. fxg5 fxg5 38. Ke2 h5 39. Kd3 g4
40. Kxd4 h4 41. Ke3 g3 42. hxg3 h3 43. Kf2 Kd7 44. b7 h2 45. Kg2 Kxd6 46. b8=Q+
Ke6 47. Kxh2 Kd5 48. Qb6 Ke5 49. g4 Kf4 50. Qe6 Kg5 51. Qf5+ Kh6 52. g5+ Kg7
53. Qf6+ Kg8 54. Qe7 Kh8 55. g6 Kg8 56. Qf7+ Kh8 57. Qh7# 1-0

[Event "II Weekend U16"]
[Site "Pescara ITA"]
[Date "2007.09.07"]
[Round "1"]
[White "Grignoli, Davide"]
[Black "Laviola, Francesco"]
[Result "1/2-1/2"]
[WhiteElo "1422"]
[BlackElo "1422"]
[PlyCount "106"]
[EventDate "2007.09.07"]

1. e4 e5 2. Nf3 Nc6 3. d4 exd4 4. Nxd4 Bc5 5. Be3 Qf6 6. c3 Nge7 7. Bc4 O-O 8.
O-O Bb6 9. Bb3 d6 10. Kh1 Nxd4 11. Bxd4 Qg6 12. Re1 Nc6 13. Re3 Nxd4 14. cxd4
Qf6 15. Re2 Bxd4 16. Qd2 Be6 17. Na3 a6 18. Rd1 c5 19. Bxe6 fxe6 20. f3 b5 21.
b3 Be5 22. Nc2 Qh4 23. g3 Bxg3 24. Rg1 Be5 25. Rf2 Qf6 26. Ne3 Bf4 27. Qe2 Bxe3
28. Qxe3 e5 29. Rg3 a5 30. Rfg2 Rf7 31. Qd3 b4 32. Rxg7+ Rxg7 33. Qd5+ Qf7 34.
Qxa8+ Qf8 35. Qd5+ Kh8 36. Rxg7 Kxg7 37. Qb7+ Kh6 38. Kg2 Qg7+ 39. Qxg7+ Kxg7
40. Kg3 Kg6 41. Kg4 h5+ 42. Kh4 Kh6 43. h3 Kg6 44. Kg3 Kg5 45. h4+ Kf6 46. f4
exf4+ 47. Kxf4 Kg6 48. Kg3 Kh6 49. Kf4 Kg6 50. Kg3 Kf6 51. Kf4 Kg6 52. Kg3 Kh6
53. Kf4 Kg6 1/2-1/2

[Event "II Weekend U16"]
[Site "Pescara ITA"]
[Date "2007.09.07"]
[Round "1"]
[White "Rossi, Davide"]
[Black "De Leonardis, Matteo"]
[Result "1/2-1/2"]
[WhiteElo "1350"]
[BlackElo "1395"]
[PlyCount "130"]
[EventDate "2007.09.07"]

1. e4 e5 2. Nf3 Nc6 3. d4 exd4 4. Nxd4 Bc5 5. Be3 Qf6 6. c3 Nge7 7. Bc4 Ne5 8.
Be2 d5 9. exd5 Nxd5 10. O-O O-O 11. Nd2 b6 12. Ne4 Qh4 13. Nxc5 bxc5 14. Nf3
Nxf3+ 15. Bxf3 Nxe3 16. fxe3 Rb8 17. Qc2 Bb7 18. Bxb7 Rxb7 19. Rf4 Qe7 20. Qf2
f6 21. Rd1 Rd8 22. Rxd8+ Qxd8 23. Qe2 Qd5 24. b3 Rb6 25. Qc4 Qxc4 26. Rxc4 Rb5
27. Ra4 Rb7 28. Ra5 Kf7 29. Rxc5 Ke6 30. Rh5 h6 31. Kf2 f5 32. Kf3 Rb8 33. e4
fxe4+ 34. Kxe4 Rd8 35. Re5+ Kd6 36. Rd5+ Ke7 37. Rxd8 Kxd8 38. Kf5 Ke7 39. a3
Kf7 40. Ke5 Ke7 41. g3 g6 42. Kd5 Kd7 43. Kc5 c6 44. a4 Kc7 45. b4 g5 46. c4 a6
47. h3 h5 48. h4 gxh4 49. gxh4 Kd7 50. a5 Kc7 51. b5 cxb5 52. cxb5 axb5 53.
Kxb5 Kb7 54. a6+ Ka7 55. Kc5 Kxa6 56. Kd5 Kb6 57. Ke6 Kc6 58. Kf6 Kd6 59. Kg6
Ke6 60. Kxh5 Kf7 61. Kg5 Kg7 62. h5 Kh7 63. h6 Kh8 64. Kg6 Kg8 65. Kf6 Kh7
1/2-1/2

[Event "II Weekend U16"]
[Site "Pescara ITA"]
[Date "2007.09.08"]
[Round "2"]
[White "De Leonardis, Matteo"]
[Black "Iezzi, Christian"]
[Result "0-1"]
[WhiteElo "1395"]
[BlackElo "1416"]
[PlyCount "22"]
[EventDate "2007.09.07"]

1. e4 e5 2. Nf3 Nc6 3. d4 exd4 4. Nxd4 Bc5 5. Be3 Qf6 6. c3 Nge7 7. Bc4 d6 8.
O-O Qg6 9. Nd2 Ne5 10. Be2 Bh3 11. Bh5 Qxg2# 0-1